000 00738nam a2200205 a 4500
001 000375549
003 AM-YeHGA
005 20250617132021.0
008 041029s1927 ai 000 | arm d
040 _aAM-YeHGA
041 1 _aarm
100 1 _aԿաժևնիկով, Ա.
245 1 0 _aԽուժան :
_bԱնապաստան յերեխաների կյանքից /
_cԱ. Կաժևնիկով; Թարգմ.՝ Հ. Տեր-Ավագյան.
260 _aՅերևան :
_bՊետհրատ,
_c1927.
300 _a174 էջ :
_bնկ. ;
_c18 սմ.
440 0 _aՄանկական գրադարան
650 1 4 _aՌուս մանկական գրականություն
_xՎիպակ
700 1 _aՏեր-Ավագյան, Հ.
_eթարգմ.
_4trl
090 _c144873
999 _c143492
_d143492